00594nam a2200205Ia 4500008004100000050001100041050001500052100002800067245006400095245002900159260003100188260001000219260001000229300001600239300002000255300001100275500005600286521002700342999001900369170504s9999 xx 000 0 und d aHD 28  b.F295 2016 aFegarido, Ernesto Jr M. aInventory management system for gorio general merchandise / cErnesto M. Fegarido Jr.  aLas Piñas, Philippines : bSISC, c2016. a149 pages : billustrations ; c28 cm. aIncludes bibliographical references and appendices. aInformation Technology c329737d329737